000 01150naa a22003257a 4500
001 BR7503292
003 BR-BrBNA
005 20240918173745.0
007 ta
008 230509b bl.||||| |||| 00| 0 por d
040 _aBR-BrBNA
_bpor
_cBiblioteca Nacional de Agricultura
041 _a(Pt)
072 _aH20
_b2120
_b4120
_b3875
090 _aH20 BR7503292
100 1 _aHashizume, H.
100 1 _aMatiello, J.B.
100 1 _aMansk, Z.
100 1 _aAbreu, R.G.
111 1 _a3. Congresso Brasileiro de Pesquisas Cafeeiras
_cCuritiba, PR (Brazil)
_d18 Nov 1975
245 1 _aEmulsoes comerciais de cobre no controle da ferrugem do cafeeiro
260 3 _aRio de Janeiro, RJ (Brasil):
_c1975.
500 _aResumos do 3. Congresso Brasileiro de Pesquisas Cafeeiras Rio de Janeiro, RJ (Brasil): 1975. p. 107-109 (BR7503292-AM)H20
650 _aFERRUGEM
650 _aFUNGO
650 _aFUNGICIDA CUPRICO
650 _aDEFENSIVO
773 0 _tResumos do 3. Congresso Brasileiro de Pesquisas Cafeeiras
_wH20 BR7503292
_gRio de Janeiro, RJ (Brasil), 1975. p. 107-109
909 _a202404
_bLucia
_c55
_dLucia Elande
942 _cAM
_2AGRIS
999 _c306683
_d306683